000 00488nam a2200169Ia 4500
008 240729s9999 xx 000 0 und d
022 _a2332-8878
245 0 _aEcosystem Health and Sustainability
260 _aUnited States
260 _bAmerican Association for the Advancement of Science (AAAS)
650 _a Biology (General)
650 _a Ecology
650 _aScience
856 _uhttps://doaj.org/toc/a8c6c7d4ac5c4ff5a97dcd51f215f3b2
942 _2ddc
942 _cDOAJEJ
999 _c73542
_d73542
945 _a1
_bMadushi Gamage
_c1
_dMadushi Gamage